| 000 | 00701 a2200181 4500 | ||
|---|---|---|---|
| 020 | _a007228160 | ||
| 040 |
_aDLC _bEnglish |
||
| 082 | 0 | 0 | _a005.7565 |
| 100 | 1 | _aRob, Peter. | |
| 245 | 1 | 0 |
_aDatabases : design, development, and deployment : using Microsoft Access _cPeter Rob, Elie Semaan. |
| 260 |
_aBoston : _bIrwin/McGraw-Hill, _cc2000. |
||
| 300 |
_axxii, 469 p. : _bill. (some col.) ; _c28 cm. + _e1 computer laser optical disc (4 3/4 in.) |
||
| 500 | _aIncludes index. | ||
| 538 | _aSystem requirements for accompanying computer disc: IBM PC, or 100% compatible with Microsoft Access 97 or higher. | ||
| 650 | 0 | _aDatabase management. | |
| 700 | 1 | _aSemaan, Elie. | |
| 942 |
_cBK _k005.7565 ROB _2ddc |
||
| 999 |
_c6510 _d6510 |
||